000 00697nam a2200205Ia 4500
005 20250508164131.0
008 008 250505s9999 xx 000 0 eng d
037 _aTextBook
040 _aFEDL
_beng
_cFEDL
041 _aeng
_2eng
084 _a370.152 3, KOZ/R
_qFEDL
100 _aKozulin Alex Ed.
_9777364
245 0 _aVygotsky's educational theory in cultural context
260 _aCambridge
_bCambridge University Press
_c2003
300 _axiii, 477p.
546 _aGifted by Namita Ranganthan in memory of Prof. Arvind Gaysu
700 _a Gindis Boris Ed. Ageyev Valdimir S and others Ed.
_9777427
942 _cTB
_h370.152 3, KOZ/R
999 _c1387240
_d1387240